000 00366cam a2200157 4500
001 D13600
008 090401t1893 xxu||||| |||| 00| 0 eng d
035 _a(Sirsi) u10689
041 _aeng
245 _aPenfold on rating: the principles of valuation
260 _bKnight and Co
_c1893
350 _a0
520 _aShelf 133
942 _n0
948 _c04/03/1997
999 _c86767
_d86767